000 00714nam a2200253Ia 4500
003 OSt
005 20220928125832.0
006 a|||||r|||| 00| 0
007 ta
008 220927b |||||||| |||| 00| 0 eng d
024 _a22765
037 _cTextual
040 _aSDCL
_cSDCL
_beng
041 _2eng
_aeng
082 _aX:328g, P8
100 _aCasson Mark Ed.
_9436766
245 0 _aOxford handbookof Entrepreneurship
260 _aOxford
_bOxford University Press
_c2008
300 _axviii,790p
_ccm.
650 _aEnterprenurship
_9405469
700 _a Yeung Bernard Ed.
_9471700
942 _hX:328g, P8
_cTEXL
_2CC
999 _c784270
_d784270